000 00962nam a2200241 i 4500
001 22418
003 ES-MaACL
005 20250811160743.0
007 t|
008 021202s1951 sp ||||1| spa d
080 _a821.134.2(82) Marechal, Leopoldo 1.06
080 _a821.134.2(82) Molinari, Ricardo 1.06
080 _a821.134.2(82) Bernárdez, Francisco Luis 1.06
100 0 _aAlonso Gamo, José María,
_d1913-1993
_920317
245 1 0 _aTres poetas argentinos
_b: Marechal, Molinari, Bernárdez /
_cJosé María Alonso Gamo.
260 _aMadrid :
_b[Cultura Hispánica],
_c1951 (
_fSilverio Aguirre Torre)
300 _a174 p. ;
_c21 cm.
600 1 7 _aMarechal, Leopoldo,
_d1900-1970-
_xCrítica e interpretación
_2
_9147252
600 1 4 _aMolinari, Ricardo E-
_xCrítica e interpretación.
_9147250
600 1 4 _aBernárdez, Francisco Luis-
_xCrítica e interpretación.
_9147251
852 _aES-MaACL
_jD-8221
999 _c22418
_d22418